[Event "TUR-ch U13/18 Girls"]
[Site "Antalya"]
[Date "2023.01.28"]
[Round "9"]
[White "Tikvesli, Ceylin"]
[Black "Onel, Nazire Yagmur"]
[Result "1-0"]
[WhiteElo "1659"]
[BlackElo "1176"]
[PlyCount "125"]
[EventDate "2023.01.17"]
[EventType "swiss"]
[EventRounds "9"]
[EventCountry "TUR"]
[SourceTitle "EXT 2024"]
[Source "ChessBase"]
[SourceDate "2023.10.10"]
[SourceVersion "1"]
[SourceVersionDate "2023.10.10"]
[SourceQuality "1"]

1. e4 e6 2. d4 d5 3. Nd2 c5 4. Ngf3 Nc6 5. exd5 exd5 6. Bb5 Bd7 7. dxc5 Qe7+ 8. Qe2 Qxe2+ 9. Bxe2 Bxc5 10. c3 Nf6 11. Nb3 Bb6 12. 0-0 0-0 13. Bf4 Bf5 14. Nfd4 Bg6 15. Rfd1 Rfe8 16. Bf3 Be4 17. h3 Nxd4 18. Nxd4 Rac8 19. Be3 Nd7 20. Be2 a6 21. Bg4 Rcd8 22. Bxd7 Rxd7 23. Bf4 h6 24. f3 Bg6 25. Rd2 Rde7 26. Kf1 Bxd4 27. Rxd4 Re2 28. Bd2 R2e5 29. Re1 Rxe1+ 30. Bxe1 Re5 31. Bg3 Rf5 32. Bf4 Kf8 33. g4 Rf6 34. Kf2 Be4 35. fxe4 Rxf4+ 36. Kg3 Rxe4 37. Rxe4 dxe4 38. Kf4 e3 39. Kxe3 Ke7 40. Ke4 Ke6 41. c4 b6 42. b4 Kd6 43. a3 g6 44. h4 f6 45. Kd4 a5 46. Ke4 Kc6 47. Kd4 Kd6 48. h5 g5 49. Ke4 Ke6 50. c5 a4 51. cxb6 Kd6 52. Kf5 Kc6 53. Kxf6 Kxb6 54. Kg6 Kb5 55. Kxh6 Kc4 56. Kxg5 Kb3 57. b5 Kxa3 58. b6 Kb2 59. b7 a3 60. b8Q+ Ka1 61. Qb3 a2 62. Qxa2+ Kxa2 63. h6 1-0